Vybrané ekonomické ukazovatele a zamestnanci v poľnohospodárstve za SR 2001
Na minha lista:
| Formato: | Livro |
|---|---|
| Idioma: | eslovaco |
| Publicado em: |
Bratislava
Štatistický úrad Slovenskej republiky
2002
|
| Colecção: | Pôdohospodárstvo a životné prostredie
|
| Assuntos: | |
| Tags: |
Sem tags, seja o primeiro a adicionar uma tag!
|
MARC
| LEADER | 00000nam a2200000 4500 | ||
|---|---|---|---|
| 001 | c133225 | ||
| 005 | 20260220082252.2 | ||
| 041 | 0 | |a slo | |
| 044 | |a SK | ||
| 245 | 1 | 0 | |a Vybrané ekonomické ukazovatele a zamestnanci v poľnohospodárstve za SR 2001 |
| 264 | 1 | |a Bratislava |b Štatistický úrad Slovenskej republiky |c 2002 | |
| 300 | |a 11 s. | ||
| 490 | 1 | |a Pôdohospodárstvo a životné prostredie | |
| 830 | 0 | |a Pôdohospodárstvo a životné prostredie | |
| 610 | 2 | 0 | |a Slovensko |
| 610 | 2 | 0 | |a poľnohospodárstvo |
| 610 | 2 | 0 | |a ukazovatele ekonomické |
| 610 | 2 | 0 | |a zamestnanci |